ნორმალური ფორმატი
MARC ფორმატი
ჩანაწერი Personal Name
ჩანაწერთა რაოდენობა, რომელიც გამოყენებულია: 8
001 - CONTROL NUMBER
- control field: 11800
003 - CONTROL NUMBER IDENTIFIER
- control field: GE_BSU
005 - DATE AND TIME OF LATEST TRANSACTION
- control field: 20210514143143.0
008 - FIXED-LENGTH DATA ELEMENTS
- fixed length control field: 210514|| aca||aabn | a|a d
040 ## - CATALOGING SOURCE
- Original cataloging agency: GE_BSU
- Transcribing agency: GE_BSU
100 ## - HEADING--PERSONAL NAME
- Personal name: ჯავახიშვილი, ი. (ივანე, 1876-1940)
670 ## - SOURCE DATA FOUND
- Source citation: Work cat.: (GE_BSU)56612: ჯავახიშვილი, ი. (ივანე, 1876-1940), ქართველი ერის ისტორია. წ. 3.
